<?xml version="1.0" encoding="UTF-8"?>
<record
    xmlns:xsi="http://www.w3.org/2001/XMLSchema-instance"
    xsi:schemaLocation="http://www.loc.gov/MARC21/slim http://www.loc.gov/standards/marcxml/schema/MARC21slim.xsd"
    xmlns="http://www.loc.gov/MARC21/slim">

  <leader>00392nam a22001217a 4500</leader>
  <datafield tag="082" ind1=" " ind2=" ">
    <subfield code="a">347.549103</subfield>
    <subfield code="b">CHO</subfield>
  </datafield>
  <datafield tag="100" ind1=" " ind2=" ">
    <subfield code="a">Chohan, Muhammad Nasir</subfield>
  </datafield>
  <datafield tag="245" ind1=" " ind2=" ">
    <subfield code="a">High Court Rules and Orders Civil &amp; Criminal:</subfield>
    <subfield code="b">[with all amendments and upto date case law] Vol I-V /</subfield>
    <subfield code="c">Muhammad Nasir Chohan</subfield>
  </datafield>
  <datafield tag="260" ind1=" " ind2=" ">
    <subfield code="a">Lahore:</subfield>
    <subfield code="b">Law Book House,</subfield>
    <subfield code="c">N.A.</subfield>
  </datafield>
  <datafield tag="300" ind1=" " ind2=" ">
    <subfield code="a">1280 p.</subfield>
  </datafield>
  <datafield tag="563" ind1=" " ind2=" ">
    <subfield code="a">HB.</subfield>
  </datafield>
  <datafield tag="942" ind1=" " ind2=" ">
    <subfield code="2">ddc</subfield>
    <subfield code="c">BK</subfield>
  </datafield>
  <datafield tag="999" ind1=" " ind2=" ">
    <subfield code="c">613994</subfield>
    <subfield code="d">613994</subfield>
  </datafield>
  <datafield tag="952" ind1=" " ind2=" ">
    <subfield code="0">0</subfield>
    <subfield code="1">0</subfield>
    <subfield code="2">ddc</subfield>
    <subfield code="4">0</subfield>
    <subfield code="6">347_549103000000000_CHO</subfield>
    <subfield code="7">0</subfield>
    <subfield code="9">641037</subfield>
    <subfield code="a">NLS</subfield>
    <subfield code="b">NLS</subfield>
    <subfield code="d">2025-06-29</subfield>
    <subfield code="l">0</subfield>
    <subfield code="o">347.549103 CHO</subfield>
    <subfield code="p">NLS-2915</subfield>
    <subfield code="r">2025-06-29</subfield>
    <subfield code="w">2025-06-29</subfield>
    <subfield code="y">BK</subfield>
  </datafield>
  <datafield tag="952" ind1=" " ind2=" ">
    <subfield code="0">0</subfield>
    <subfield code="1">0</subfield>
    <subfield code="2">ddc</subfield>
    <subfield code="4">0</subfield>
    <subfield code="6">347_549103000000000_CHO</subfield>
    <subfield code="7">0</subfield>
    <subfield code="9">641038</subfield>
    <subfield code="a">NLS</subfield>
    <subfield code="b">NLS</subfield>
    <subfield code="d">2025-06-29</subfield>
    <subfield code="l">0</subfield>
    <subfield code="o">347.549103 CHO</subfield>
    <subfield code="p">NLS-2916</subfield>
    <subfield code="r">2025-06-29</subfield>
    <subfield code="w">2025-06-29</subfield>
    <subfield code="y">BK</subfield>
  </datafield>
  <datafield tag="952" ind1=" " ind2=" ">
    <subfield code="0">0</subfield>
    <subfield code="1">0</subfield>
    <subfield code="2">ddc</subfield>
    <subfield code="4">0</subfield>
    <subfield code="6">347_549103000000000_CHO</subfield>
    <subfield code="7">0</subfield>
    <subfield code="9">641039</subfield>
    <subfield code="a">NLS</subfield>
    <subfield code="b">NLS</subfield>
    <subfield code="d">2025-06-29</subfield>
    <subfield code="l">0</subfield>
    <subfield code="o">347.549103 CHO</subfield>
    <subfield code="p">NLS-2917</subfield>
    <subfield code="r">2025-06-29</subfield>
    <subfield code="w">2025-06-29</subfield>
    <subfield code="y">BK</subfield>
  </datafield>
</record>
